000 00331nam a2200121Ia 4500
008 220204s9999 xx 000 0 und d
082 _a339.5
_bBHA
100 _aBHAGWATI, Jagadish
245 0 _aForeign trade regimes and economic development: India
260 _aDelhi
_bMacmillan
_c1976
700 _aSRINIVASAN, T N
942 _cBK
999 _c26825
_d26825